Statistics for Guess The Animal By Footprint

Click here to take the quiz!

General Stats

  • This quiz has been taken 133 times
  • The average score is 6 of 8

Answer Stats

Answer% Correct
Human
97%
Horse
96%
Dog
93%
Cat
83%
Lion
71%
Deer
51%
Fox
51%
Eagle
21%

Score Distribution

Percentile by Number Answered

Percent of People with Each Score

Your Score History

You have not taken this quiz